00374 a2200133 450000100060000002000180000604000220002410000310004624000340007724500290011130000080014036200090014865000830015767876 a9788561328016 cAnchieta - Pituba aCampos, Maria Dolores Coni10aConversas com as babáslpor10aConversas com as babás a1760 a2007 4aRetórica da ficção (Incluindo retórica dos contos, novelas e romances)